Países hablantes de lenguas latinas - Estadísticas

Estadísticas generales
  • Esta prueba ha sido intentada 83 veces
  • La puntuación promedio es 47 de 63
Estadísticas de respuestas
Lenguas País % Correcto
Español México
99%
Rumano Rumania
99%
Español Argentina
97%
Español Colombia
97%
Español España
97%
Italiano Italia
97%
Portugués Brasil
96%
Francés Francia
96%
Español Bolivia
94%
Español Chile
94%
Español El Salvador
94%
Español Uruguay
94%
Catalán Andorra
93%
Español Peru
93%
Portugués Portugal
93%
Español Venezuela
93%
Italiano Ciudad del Vaticano
90%
Español Cuba
90%
Español Ecuador
90%
Español Guatemala
90%
Español Honduras
90%
Español Paraguay
90%
Español República Dominicana
90%
Español Nicaragua
89%
Italiano San Marino
89%
Francés Guinea
87%
Español Panama
87%
Español Costa Rica
86%
Portugués Angola
81%
Español Guinea Ecuatorial
81%
Francés Guinea Ecuatorial
81%
Portugués Guinea Ecuatorial
81%
Francés Suiza
81%
Italiano Suiza
81%
Rumano Moldavia
76%
Portugués Cabo Verde
73%
Francés Senegal
70%
Francés Bélgica
69%
Francés República del Congo
67%
Francés República Democrática del Congo
67%
Francés Haití
66%
Francés Mónaco
66%
Francés Níger
64%
Francés Camerún
63%
Francés Canadá
63%
Portugués Mozambique
63%
Francés Luxemburgo
57%
Francés Gabón
56%
Francés Madagascar
56%
Portugués Santo Tomé y Principe
54%
Francés Costa de Marfil
53%
Francés Chad
51%
Francés Togo
51%
Francés Benín
49%
Francés República Centroafricana
49%
Portugués Guinea-Bisáu
44%
Francés Ruanda
44%
Francés Burundi
41%
Francés Comoras
41%
Portugués Timor Oriental
41%
Francés Seychelles
40%
Francés Yibuti
33%
Francés Vanuatu
14%
No se encontraron pruebas coincidentes
Distribución de puntuación
Porcentaje de gente con cada puntuación
Porcentaje por número respondido
Historial de tus puntuaciones
No has intentado esta prueba.